000 00372nam a2200145Ia 4500
005 20251222153615.0
008 251222s9999||||xx |||||||||||||| ||spa||
020 _a9786124081835
082 _a346.251/A41
100 _aAlfaro Valverde, Luis
245 0 _aLa Indemnización en la Separación de Hecho:
250 _a1ra.ed.
264 _bGaceta Jurídica
942 _cLIB
999 _c31757
_d31757